MARC

LEADER 00000nab a2200000 4500
001 vtls012241567
003 SK-MaSNL
005 20260318114142.0
008 231012c2021 xo er|n || ||00 c0ukr
015 |a SNBRB2023/10 
038 |a SVKPOCL 
040 |a SVKPOCL  |b slo  |c SVKPOCL  |e rda 
041 0 |a ukr 
043 |a e-xo--- 
044 |a xo  |c SK 
072 7 |a 327  |x Medzinárodné vzťahy, svetová politika  |2 konspekt 
072 7 |a 061.2  |x Mimovládne organizácie a kooperácia  |2 konspekt 
080 |a 327(477):061.2(437.6)  |2 2011 
080 |a 328.13  |2 2011 
080 |a 005.745  |2 2011 
080 |a (=161.2)  |2 2011 
080 |a (437.6)  |2 2011 
080 |a (477)  |2 2011 
080 |a 316.022.4(=161.2):061.2:32-051  |2 2011 
080 |a 32-051  |2 2011 
100 1 |a Iľuk, Miroslav,  |d 1942-  |4 aut  |9 6395 
245 1 0 |a Deputaty Verchovnoji Rady Ukrajiny vidvidaly Prjašiv  |c [autor] -mi- 
300 |b Fotografie 
336 |a text  |b txt  |2 rdacontent 
337 |a bez média  |b n  |2 rdamedia 
338 |a zväzok  |b nc  |2 rdacarrier 
600 1 7 |a Bogdan, Pavol,  |d 1950-  |2 svkpocl  |9 484875 
600 1 7 |a Kostjuch, Anatolij Vjačeslavovyč,  |d 1988-  |2 svkpocl  |9 1625216 
600 1 7 |a Laba, Mychajlo Mychajlovyč,  |d 1975-  |2 svkpocl  |9 1625588 
600 1 7 |a Kištulynec', Radion Volodymyrovyč,  |d 1986-  |2 svkpocl  |9 1625589 
600 1 7 |a Obuchova, Sabina Nazymivna  |2 svkpocl  |9 1625590 
600 1 7 |a Jackanin, Ivan,  |d 1950-  |2 SNKMA  |9 103637 
600 1 7 |a Jackanin, Andrej,  |d 1933-  |2 svkpocl 
610 2 7 |a Slovensko-ukrajinské informačné centrum (Prešov, Slovensko)  |2 svkpocl  |9 1235754 
610 2 7 |a Zväz Rusínov-Ukrajincov Slovenskej republiky  |2 SNKKA  |9 18604 
610 2 7 |a Zväz Rusínov-Ukrajincov Slovenskej republiky.  |b Ústredná rada  |2 SNKKA  |9 111945 
610 2 7 |a Spolok ukrajinských spisovateľov na Slovensku  |2 SNKKA  |9 51355 
610 1 7 |a Ukrajina.  |b Verchovna rada  |2 svkpocl  |9 1625591 
648 7 |a 28.7.2021  |2 svkpocl  |9 1625592 
650 0 7 |a zahraničná politika  |2 SNKPH  |9 971 
650 0 7 |a pracovné návštevy  |2 svkpocl  |9 69996 
650 0 7 |a národnostné organizácie  |2 svkpocl  |9 1330565 
650 0 7 |a kultúrne inštitúcie a organizácie  |2 SNKPH  |9 112538 
650 0 7 |a Ukrajinci  |2 SNKPH  |9 19025 
650 0 7 |a pracovné stretnutia  |2 SNKPH  |9 513273 
650 0 7 |a spolupráca  |2 SNKPH  |9 20291 
650 0 7 |a kultúra  |2 SNKPH  |9 886 
650 0 7 |a poslanci  |2 SNKPH  |9 1797 
651 7 |a Slovensko  |2 SNKPHgeo  |9 14231 
651 7 |a Ukrajina  |2 SNKPHgeo  |9 168045 
651 7 |a Prešov (Slovensko)  |2 SNKPHgeo  |9 17347 
773 0 |t Nove žyttja  |g Roč. 71, č. 16 (2021), s. [1] 
852 |a SVKPO  |b KIS3GCP 
958 |a UA 
958 |a SS 
958 |a SK 
958 |a NM 
958 |a UK 
999 |c 3352795  |d 3354725